Cuentos sin respiro (Record no. 21675)
[ view plain ]
| 000 -LEADER | |
|---|---|
| campo de control de longitud fija | 01530nmm a2200385 a 4500 |
| 003 - IDENTIFICADOR DE NÚMERO DE CONTROL | |
| campo de control | AR-X00000XY |
| 005 - FECHA Y HORA DE LA ÚLTIMA TRANSACCIÓN | |
| campo de control | 20251128211931.0 |
| 008 - DATOS DE LONGITUD FIJA--INFORMACIÓN GENERAL | |
| campo de control de longitud fija | 277020s2005 ||||||||||||||000 | spa|| |
| 020 ## - NÚMERO INTERNACIONAL ESTÁNDAR DEL LIBRO | |
| Número Internacional Estándar del Libro | 987-20215-4-6 |
| 040 ## - FUENTE DE CATALOGACIÓN | |
| Centro/agencia transcriptor | AR-X00000XY |
| 245 10 - MENCIÓN DEL TÍTULO | |
| Título | Cuentos sin respiro |
| Resto del título | quince cuentos infantiles de suspenso |
| 260 ## - PUBLICACIÓN, DISTRIBUCIÓN, ETC. | |
| Lugar de publicación, distribución, etc. | Buenos Aires |
| Nombre del editor, distribuidor, etc. | Fundación El Libro |
| Fecha de publicación, distribución, etc. | 2005 |
| 300 0# - DESCRIPCIÓN FÍSICA | |
| Extensión | 131 p. |
| 500 1# - NOTA GENERAL | |
| Nota general | Premio Edenor 2005 a escritores sin libro publicado, en el género cuentos infantiles de suspenso |
| 500 0# - NOTA GENERAL | |
| Nota general | Concurso organizado por la Fundación El Libro en el marco de la 31ª Exposición Feria Internacional de Buenos Aires 'El libro del autor al lector' |
| 505 ## - NOTA DE CONTENIDO CON FORMATO | |
| Título | El reloj |
| Mención de responsabilidad | Accoce, Juliana Beatriz |
| 505 ## - NOTA DE CONTENIDO CON FORMATO | |
| Título | El esqueleto de la tierra |
| Mención de responsabilidad | Blasco, Martín |
| 505 ## - NOTA DE CONTENIDO CON FORMATO | |
| Título | Un mágico violín |
| Mención de responsabilidad | Jurado de Janeiro, Elida Norma |
| 505 ## - NOTA DE CONTENIDO CON FORMATO | |
| Título | El fantasma de la mansión Talbot |
| Mención de responsabilidad | Saito, Pedro Mario |
| 505 ## - NOTA DE CONTENIDO CON FORMATO | |
| Título | Sopa de letras |
| Mención de responsabilidad | Morosi, Albana María |
| 505 ## - NOTA DE CONTENIDO CON FORMATO | |
| Título | Circo |
| Mención de responsabilidad | Alegre, René Fabián |
| 505 ## - NOTA DE CONTENIDO CON FORMATO | |
| Título | El extraterrestre |
| Mención de responsabilidad | Antolín Heredia, Rubén |
| 505 ## - NOTA DE CONTENIDO CON FORMATO | |
| Título | Mancha vuelve manchado |
| Mención de responsabilidad | Appiani de Linares, Olga |
| 505 ## - NOTA DE CONTENIDO CON FORMATO | |
| Título | Hechizo de luna llena |
| Mención de responsabilidad | Benítez, Liliana Edith |
| 505 ## - NOTA DE CONTENIDO CON FORMATO | |
| Título | El monstruo agazapado |
| Mención de responsabilidad | Díaz, Ariel |
| 505 ## - NOTA DE CONTENIDO CON FORMATO | |
| Título | Desde esa ola |
| Mención de responsabilidad | Díaz, Jorge Omar |
| 650 #4 - PUNTO DE ACCESO ADICIONAL DE MATERIA--TÉRMINO DE MATERIA | |
| Término de materia o nombre geográfico como elemento de entrada | CUENTOS DE TERROR |
| 650 #4 - PUNTO DE ACCESO ADICIONAL DE MATERIA--TÉRMINO DE MATERIA | |
| Término de materia o nombre geográfico como elemento de entrada | CUENTO INFANTIL |
| 653 #0 - TÉRMINO DE INDIZACIÓN--NO CONTROLADO | |
| Término no controlado | CUENTOS DE FANTASMAS |
| 653 #0 - TÉRMINO DE INDIZACIÓN--NO CONTROLADO | |
| Término no controlado | CUENTOS DE MONSTRUOS |
| 653 #0 - TÉRMINO DE INDIZACIÓN--NO CONTROLADO | |
| Término no controlado | CUENTOS DE MISTERIO |
| 655 ## - TERMINO DE INDIZACIÓN--GENERO/FORMA | |
| Datos o término principal de género/forma | LITERATURA |
| 942 ## - ELEMENTOS DE ENTRADA SECUNDARIOS (KOHA) | |
| Tipo de ítem Koha | Libros |
| 998 ## - INFORMACIÓN DE CONTROL LOCAL (RLIN) | |
| Iniciales del catalogador, CIN (RLIN) | Nancy |
| Estatus retirado | Estado de pérdida | Fuente de la clasificación o esquema de estantería | Estado de daño | Restricciones de uso | No para préstamo | Biblioteca de origen | Biblioteca actual | Fecha de adquisición | Total de préstamos | Signatura topográfica completa | Código de barras | Visto por última vez | Precio de reemplazo | Tipo de ítem Koha |
|---|---|---|---|---|---|---|---|---|---|---|---|---|---|---|
| Clasificación Decimal Dewey | Acceso restringido | No para préstamo | Liberty | Liberty | 28/11/2025 | 82-93 [8] CUE | 144142 | 28/11/2025 | 28/11/2025 | Libros |